Rappresentanza-Rappresentazione. Parola e concetto dall'antichità all'Ottocento.
Guardat en:
| Autor principal: | |
|---|---|
| Format: | Llibre |
| Idioma: | anglès |
| Publicat: |
Milano, Italia:
Giuffré,
2007.
|
| Col·lecció: | Per la storia del pensiero giuridico moderno,
|
| Matèries: | |
| Etiquetes: |
Afegir etiqueta
Sense etiquetes, Sigues el primer a etiquetar aquest registre!
|
MARC
| LEADER | 00000nam a22000007a 4500 | ||
|---|---|---|---|
| 003 | CL-VaPUC | ||
| 005 | 20220822114525.0 | ||
| 008 | 220629b2007 ||||| |||| 00| 0 eng d | ||
| 999 | |c 436443 |d 436441 | ||
| 020 | |a 88-14-13466-9 | ||
| 040 | |c Pontificia Universidad Católica de Valparaíso | ||
| 082 | 7 | |a 342.05309 HOF 2007 |2 22 | |
| 100 | |a Hofmann, Hasso |9 556136 |e autore | ||
| 245 | |a Rappresentanza-Rappresentazione. |b Parola e concetto dall'antichità all'Ottocento. | ||
| 260 | |a Milano, Italia: |b Giuffré, |c 2007. | ||
| 300 | |a 586 páginas. | ||
| 490 | |a Per la storia del pensiero giuridico moderno, |n 72. | ||
| 500 | |a c.1 Donación Familia Prof. Alejandro Guzmán Brito. | ||
| 583 | |c 20220629 |k Catalogador Asistente | ||
| 650 | |a Representación |x Historia |9 872009 | ||
| 650 | |a Representación |x Antiguedad |y Siglo 19 |9 872010 | ||
| 942 | |2 ddc |c BK |n 0 | ||
| 952 | |0 0 |1 0 |2 ddc |4 0 |6 342_053090000000000_HOF_2007 |7 1 |8 C_AGB |9 584103 |a BIBDER |b BIBDER |d 2022-06-29 |e Donación |i 5652243 |o 342.05309 HOF 2007 |p 5652243 |r 2023-01-25 |t 1 |w 2022-06-29 |y BK_US |k AGB | ||